000 00626nam a22001937a 4500
003 NUST - PNEC
005 20170116180907.0
008 150902b xxu||||| |||| 00| 0 eng d
020 _a969008868
040 _cLIBRARY
082 _a891.4393 UMA
100 _916388
_aUmera Ahmed
245 _aPeer-e- Kamil
_cUmerah Ahmed
260 _cc.2005
_aLahore:
_bFerozsons (Pvt.)Ltd.,
300 _a525 pages
650 _96792
_aGeneral Book
_xUrdu Literature
856 _uhttp://www.amazon.com/Pir-e-Kamil-S-W-Umaira-Ahmad/dp/9637656359/ref=sr_1_1?s=books&ie=UTF8&qid=1455182362&sr=1-1&keywords=peer+e+kamil
942 _2ddc
_cBK
999 _c65154
_d65154